[Event "24th Abu Dhabi Masters"]
[Site "Abu Dhabi UAE"]
[Date "2017.08.14"]
[Round "1.38"]
[White "Srija, Seshadri"]
[Black "Nihal, Sarin"]
[Result "1/2-1/2"]
[WhiteTitle "WFM"]
[BlackTitle "FM"]
[WhiteElo "2167"]
[BlackElo "2485"]
[WhiteFideId "5055903"]
[BlackFideId "25092340"]
[EventDate "2017.08.14"]

1. e4 e6 2. d4 d5 3. Nd2 Nf6 4. e5 Nfd7 5. Bd3 c5 6. c3 Nc6 7. Ne2 a5 8. a4 cxd4
9. cxd4 Nb4 10. Bb5 Be7 11. O-O O-O 12. f4 Nb6 13. Ra3 Bd7 14. Rh3 Bxb5 15. axb5
f5 16. exf6 Bxf6 17. Nf3 Nc4 18. Ng5 Bxg5 19. fxg5 Qb6 20. b3 Nd6 21. Nf4 e5 22.
Be3 Rxf4 23. Rxf4 exf4 24. Qh5 Rf8 25. Qxh7+ Kf7 26. g6+ Ke8 27. Qxg7 fxe3 28.
Rh7 Nf7 29. gxf7+ Ke7 30. Rh8 Rxf7 31. Qe5+ Qe6 32. Re8+ Kxe8 33. Qxe6+ Re7 34.
Qc8+ Kf7 35. Qf5+ Ke8 36. Qc8+ Kf7 37. Qf5+ 1/2-1/2

[Event "24th Abu Dhabi Masters"]
[Site "Abu Dhabi UAE"]
[Date "2017.08.14"]
[Round "1.39"]
[White "Abdusattorov, Nodirbek"]
[Black "Hakobyan, Eduard"]
[Result "1-0"]
[WhiteTitle "IM"]
[WhiteElo "2470"]
[BlackElo "2164"]
[WhiteFideId "14204118"]
[BlackFideId "13310860"]
[EventDate "2017.08.14"]

1. d4 Nf6 2. c4 d6 3. Nc3 Nbd7 4. e4 e5 5. Nge2 g6 6. g3 Bg7 7. Bg2 O-O 8. O-O
exd4 9. Nxd4 Re8 10. Be3 Nc5 11. f3 Nfd7 12. Qd2 Ne5 13. b3 Bd7 14. Rad1 h5 15.
h3 Nc6 16. Nde2 Be6 17. f4 Qe7 18. f5 gxf5 19. exf5 Bxc4 20. Bg5 f6 21. bxc4
fxg5 22. f6 Bxf6 23. Nd5 Qxe2 24. Nxf6+ Kh8 25. Nxe8 Rxe8 26. Rfe1 1-0

[Event "24th Abu Dhabi Masters"]
[Site "Abu Dhabi UAE"]
[Date "2017.08.14"]
[Round "1.40"]
[White "Fadeev, Semen"]
[Black "Gagare, Shardul"]
[Result "1/2-1/2"]
[BlackTitle "GM"]
[WhiteElo "2161"]
[BlackElo "2467"]
[WhiteFideId "4177738"]
[BlackFideId "5037883"]
[EventDate "2017.08.14"]

1. e4 c5 2. Nf3 e6 3. d4 cxd4 4. Nxd4 a6 5. Be2 Nf6 6. Nc3 Qc7 7. O-O Nc6 8. Be3
Bb4 9. Na4 Be7 10. Nc3 O-O 11. f4 d6 12. a4 Bd7 13. Kh1 Rac8 14. Qe1 e5 15. Nb3
Nb4 16. Bd3 Be6 17. Nd2 exf4 18. Bxf4 Nd7 19. Qg3 Ne5 20. Rad1 Nbxd3 21. cxd3
Qb6 22. Rb1 Qd4 23. Nf3 Qxd3 24. Rbd1 Rxc3 25. bxc3 Qxc3 26. Nxe5 Qxg3 27. Bxg3
dxe5 28. Bxe5 b5 29. axb5 axb5 30. Bd6 1/2-1/2

[Event "24th Abu Dhabi Masters"]
[Site "Abu Dhabi UAE"]
[Date "2017.08.14"]
[Round "1.41"]
[White "Ayyad, Husain"]
[Black "Priyanka, Nutakki"]
[Result "0-1"]
[WhiteTitle "FM"]
[WhiteElo "2208"]
[BlackElo "2160"]
[WhiteFideId "11200243"]
[BlackFideId "25049615"]
[EventDate "2017.08.14"]

1. e4 c5 2. Nf3 d6 3. d4 cxd4 4. Qxd4 Nc6 5. Qe3 Nf6 6. h3 g6 7. Be2 Bg7 8. O-O
O-O 9. Rd1 Qc7 10. c4 Bd7 11. Nc3 a6 12. Rb1 Na7 13. c5 Bc6 14. Qf4 Nh5 15. Qh4
dxc5 16. Bg5 Rfe8 17. e5 Bh8 18. Nd5 Bxd5 19. Rxd5 Ng7 20. Rbd1 Qb6 21. b3 Nc6
22. Bc4 Nf5 23. Qf4 e6 24. Rd7 Rf8 25. Bf6 Bg7 26. Bxg7 Nxg7 27. Ng5 Nh5 28. Qe3
Nd4 29. Ne4 Rad8 30. Nf6+ Nxf6 31. exf6 e5 32. Rxd8 Rxd8 33. Rc1 Qxf6 34. Bf1
Qd6 35. a4 b5 36. axb5 axb5 37. Qc3 Rc8 38. Ra1 Qd5 39. Ra5 Rb8 40. Qe3 Kg7 41.
Qg3 Rb7 42. h4 Nxb3 43. Rxb5 Rxb5 44. Bxb5 c4 45. Ba4 f6 46. h5 Qd1+ 0-1

[Event "24th Abu Dhabi Masters"]
[Site "Abu Dhabi UAE"]
[Date "2017.08.14"]
[Round "1.42"]
[White "Mrudul, Dehankar"]
[Black "Vignesh, N R"]
[Result "0-1"]
[WhiteTitle "WCM"]
[BlackTitle "IM"]
[WhiteElo "2155"]
[BlackElo "2448"]
[WhiteFideId "25096990"]
[BlackFideId "25012215"]
[EventDate "2017.08.14"]

1. d4 Nf6 2. Bg5 d5 3. e3 g6 4. Bxf6 exf6 5. g3 Bg7 6. Bg2 O-O 7. Ne2 c6 8. O-O
Nd7 9. Nd2 f5 10. c4 Nf6 11. Qc2 dxc4 12. Nxc4 Nd5 13. a3 Be6 14. Rac1 Qe7 15.
Na5 Rfe8 16. Nb3 Rad8 17. Nc5 Bc8 18. Nc3 Nxc3 19. bxc3 h5 20. Rb1 Rd6 21. Nd3
h4 22. Rfe1 Rdd8 23. a4 Bf6 24. Re2 Kg7 25. Rbe1 Qc7 26. Nf4 Bg5 27. Nh3 Bf6 28.
Nf4 hxg3 29. hxg3 Bg5 30. Nh3 Bh6 31. f4 c5 32. Qb2 Kg8 33. Nf2 Qa5 34. Nd3 cxd4
35. exd4 Rxe2 36. Rxe2 Qxa4 37. Nc5 Qc4 38. Re5 f6 39. Re7 Bf8 40. Bf1 Qd5 41.
Qb4 Qf3 42. Qb3+ Kh8 43. Re2 Qxg3+ 44. Rg2 Qe3+ 45. Kh1 Qxf4 46. Be2 Qc1+ 47.
Rg1 Qh6+ 48. Kg2 Qd2 49. Kf2 Re8 50. Rh1+ Bh6 51. Qb5 Qe3+ 52. Kf1 Kg7 53. Nxb7
Qc1+ 54. Kg2 Rxe2+ 0-1

[Event "24th Abu Dhabi Masters"]
[Site "Abu Dhabi UAE"]
[Date "2017.08.14"]
[Round "1.43"]
[White "Bellia, Fabrizio"]
[Black "Pujari, Rucha"]
[Result "1-0"]
[WhiteTitle "IM"]
[BlackTitle "WIM"]
[WhiteElo "2444"]
[BlackElo "2153"]
[WhiteFideId "800511"]
[BlackFideId "5024528"]
[EventDate "2017.08.14"]

1. e4 e5 2. Nf3 Nc6 3. Bc4 Nf6 4. d3 Be7 5. O-O O-O 6. Re1 d6 7. a4 h6 8. c3 Na5
9. Ba2 c5 10. Na3 Bd7 11. b4 Nc6 12. b5 Nb8 13. d4 exd4 14. cxd4 cxd4 15. Nxd4
a6 16. Nac2 Kh8 17. Bb2 Qb6 18. Ne3 axb5 19. axb5 Bd8 20. Qb3 Qc5 21. Nef5 Bxf5
22. Nxf5 Nbd7 23. Qg3 g6 24. Nxh6 Qxb5 25. Nxf7+ Kg7 26. Nxd8 Rfxd8 27. Rab1 Qa6
28. Bd5 Rab8 29. Bd4 Qa4 30. Red1 Ne5 31. Bxe5 dxe5 32. Qxe5 Qe8 33. Qxe8 Nxe8
34. Rdc1 b6 35. f3 Kf6 36. f4 Ke7 37. Rc6 Rd6 38. Rxd6 Nxd6 39. Kf2 b5 40. e5
Nf5 41. g4 Ng7 42. Rb4 Ne6 43. Ke3 Nc7 44. Bf3 Rh8 45. Rb2 Rh3 46. Ke4 Kd7 47.
Rd2+ Ke7 48. Rd6 Ne6 49. Rb6 Nc5+ 50. Ke3 Ne6 51. Rb7+ Kf8 52. Rb8+ Ke7 53. Rg8
Kf7 54. Rc8 Ke7 55. Ke4 b4 56. Bd1 b3 57. Rb8 Kd7 58. f5 gxf5+ 59. gxf5 Rh4+ 60.
Ke3 Rh3+ 61. Kf2 Nd4 62. f6 Rxh2+ 63. Kg3 Rd2 64. f7 Rd3+ 65. Kf2 Ne6 66. Bxb3 1-0

[Event "24th Abu Dhabi Masters"]
[Site "Abu Dhabi UAE"]
[Date "2017.08.14"]
[Round "1.44"]
[White "Arshavskij, Viktor"]
[Black "Nguyen, Anh Khoi"]
[Result "0-1"]
[BlackTitle "IM"]
[WhiteElo "2141"]
[BlackElo "2444"]
[WhiteFideId "4125045"]
[BlackFideId "12404675"]
[EventDate "2017.08.14"]

1. e4 c5 2. d4 cxd4 3. c3 dxc3 4. Nxc3 Nc6 5. Nf3 d6 6. Bc4 Nf6 7. Bg5 a6 8. O-O
Bg4 9. Qb3 e6 10. Qxb7 Na5 11. Qb4 Nxc4 12. Qxc4 Qc8 13. Qa4+ Qd7 14. Nd4 Qxa4
15. Nxa4 Nxe4 16. Be3 Nc5 0-1

[Event "24th Abu Dhabi Masters"]
[Site "Abu Dhabi UAE"]
[Date "2017.08.14"]
[Round "1.45"]
[White "Saduakassova, Dinara"]
[Black "Mahalakshmi, M"]
[Result "1/2-1/2"]
[WhiteTitle "IM"]
[BlackTitle "WIM"]
[WhiteElo "2444"]
[BlackElo "2140"]
[WhiteFideId "13700090"]
[BlackFideId "5001080"]
[EventDate "2017.08.14"]

1. d4 Nf6 2. c4 e6 3. Nf3 Bb4+ 4. Nbd2 O-O 5. a3 Be7 6. g3 b6 7. Bg2 Bb7 8. O-O
d5 9. cxd5 Bxd5 10. Qc2 c5 11. e4 Bb7 12. e5 Nd5 13. dxc5 Bxc5 14. Ne4 Be7 15.
Neg5 g6 16. Ne4 Nd7 17. Bh6 Re8 18. Rac1 Qb8 19. b4 Nxe5 20. Qb2 f6 21. Nxe5
Qxe5 22. Qxe5 fxe5 23. Bg5 Rac8 24. Rxc8 Bxc8 25. Bxe7 Rxe7 26. Re1 Rc7 27. Nd6
Bd7 28. Bf1 Rc3 29. Ra1 Kf8 30. Ne4 Rc7 31. Re1 Ke7 32. Ng5 Rc3 33. Ra1 Nf6 34.
Bg2 Bc6 35. Bxc6 Rxc6 36. Re1 e4 37. Nxe4 Nxe4 38. Rxe4 Rc3 39. a4 a6 40. Rh4 h5
41. Re4 Ra3 42. b5 axb5 43. axb5 Rb3 44. Re5 Kf6 45. f4 Rb2 46. h4 Rd2 47. Kf1
Rd5 48. Rxd5 exd5 49. Ke2 Kf5 50. Kd3 Kg4 51. Kd4 Kxg3 52. Kxd5 Kxh4 53. Kc6 Kg4
54. Kxb6 h4 55. Kc5 h3 56. b6 h2 57. b7 h1=Q 58. b8=Q Qc1+ 59. Kd5 Qxf4 60. Qe8
g5 61. Kc5 Kg3 62. Kb5 Qf1+ 63. Ka5 g4 64. Qe5+ Kg2 65. Qd5+ Qf3 66. Qd2+ Qf2
67. Qd5+ Kh3 68. Qh5+ Qh4 69. Qf5 Qe1+ 70. Ka6 Qe2+ 71. Ka5 Kg3 72. Qd5 Kh3 73.
Qh5+ Kg2 74. Qd5+ Kg3 75. Qd6+ Kh3 76. Qh6+ Kg2 77. Qc6+ Kg1 78. Qc1+ Kf2 79.
Qc5+ Kf1 80. Qf5+ Qf3 81. Qb1+ Kg2 82. Qc2+ Kg3 83. Qc7+ Qf4 84. Qc3+ Kh4 85.
Qh8+ Kg5 86. Qg7+ Kh5 87. Qh8+ Qh6 88. Qe8+ Kh4 89. Qe1+ Kh5 90. Qh1+ Kg5 91.
Qd5+ Kf6 92. Qd4+ Kf5 93. Qd5+ Kg6 94. Qe4+ Kh5 95. Qh1+ Kg5 96. Qd5+ Kf6 97.
Qd4+ Kf5 98. Qd5+ Kg6 99. Qe4+ 1/2-1/2

[Event "24th Abu Dhabi Masters"]
[Site "Abu Dhabi UAE"]
[Date "2017.08.14"]
[Round "1.46"]
[White "Varshini, V"]
[Black "Neelotpal, Das"]
[Result "0-1"]
[WhiteTitle "WFM"]
[BlackTitle "GM"]
[WhiteElo "2140"]
[BlackElo "2441"]
[WhiteFideId "5091241"]
[BlackFideId "5003512"]
[EventDate "2017.08.14"]

1. e4 e5 2. Nf3 Nc6 3. Bb5 a6 4. Ba4 Nf6 5. Qe2 b5 6. Bb3 Be7 7. O-O O-O 8. c3
d6 9. Rd1 Na5 10. Bc2 c5 11. d3 Re8 12. Nbd2 Bf8 13. Nf1 d5 14. Bg5 d4 15. Ng3
h6 16. Bd2 Nc6 17. Rf1 Be6 18. cxd4 exd4 19. Ne1 c4 20. Nh5 Nxh5 21. Qxh5 Rc8
22. f4 f6 23. e5 Bf7 24. Qf5 c3 25. bxc3 dxc3 26. Be3 Nxe5 27. fxe5 Rxe5 28. Qf4
Rxe3 29. d4 Re2 30. Qf5 g6 31. Qg4 Rd2 32. Bf5 Rxd4 33. Qg3 Bd6 34. Qh3 gxf5 35.
Nf3 Rf4 36. Qxh6 c2 0-1

[Event "24th Abu Dhabi Masters"]
[Site "Abu Dhabi UAE"]
[Date "2017.08.14"]
[Round "1.47"]
[White "Raja, Harshit"]
[Black "Hoegener, Claude"]
[Result "1-0"]
[WhiteElo "2434"]
[BlackElo "2139"]
[WhiteFideId "5089000"]
[BlackFideId "4000978"]
[EventDate "2017.08.14"]

1. e4 e6 2. d4 d5 3. Nd2 Nf6 4. e5 Nfd7 5. Bd3 c5 6. c3 Nc6 7. Ne2 cxd4 8. cxd4
f6 9. exf6 Nxf6 10. O-O Bd6 11. Nf3 O-O 12. Bf4 Bxf4 13. Nxf4 Ne4 14. Qc1 Qf6
15. Ne2 h6 16. Qe3 Nd6 17. Ne5 Nf5 18. Bxf5 Qxf5 19. Rac1 Nxe5 20. Qxe5 Qxe5 21.
dxe5 Bd7 22. Nd4 Rac8 23. g3 a6 24. f4 g6 25. Kf2 Kf7 26. Ke3 Ke7 27. h4 Rxc1
28. Rxc1 Rc8 29. Rh1 h5 30. Rg1 Kf7 31. b3 Rc3+ 32. Kd2 Rc8 33. a4 Rg8 34. Rc1
Rc8 35. Rxc8 Bxc8 36. a5 Ke7 37. Kc3 Kd7 38. Kb4 Kc7 39. Kc5 Bd7 40. b4 1-0

[Event "24th Abu Dhabi Masters"]
[Site "Abu Dhabi UAE"]
[Date "2017.08.14"]
[Round "1.48"]
[White "Llano Olabarrieta, Joseba"]
[Black "Fernandez Borrego, Pablo"]
[Result "0-1"]
[BlackTitle "FM"]
[WhiteElo "2135"]
[BlackElo "2427"]
[WhiteFideId "32018240"]
[BlackFideId "2258285"]
[EventDate "2017.08.14"]

1. e4 c5 2. Nf3 g6 3. d4 cxd4 4. Nxd4 Bg7 5. c4 Nc6 6. Be3 Nf6 7. Nc3 O-O 8. Be2
d6 9. O-O Bd7 10. Nc2 Rc8 11. f3 Na5 12. Na3 a6 13. Rc1 Be6 14. b3 Nc6 15. Qd2
Qa5 16. Nc2 Ng4 17. b4 Qe5 18. fxg4 Qxc3 19. h3 Qxd2 20. Bxd2 Nd4 21. Nxd4 Bxd4+
22. Kh1 Rc7 23. Bf4 Rfc8 24. Rfd1 Bb2 25. Rb1 Bg7 26. c5 Bxa2 27. Rbc1 Be5 28.
Bxe5 dxe5 29. Kg1 f6 30. Kf2 Kf7 31. Ke3 Be6 32. Bc4 Bxc4 33. Rxc4 Ke6 34. Rc2
Rd7 35. Rcd2 Rcd8 36. Rxd7 Rxd7 37. Rb1 Rd4 38. b5 a5 39. c6 Kd6 40. Rc1 Kc7 41.
cxb7+ Kxb7 42. Rc6 Rd6 0-1

[Event "24th Abu Dhabi Masters"]
[Site "Abu Dhabi UAE"]
[Date "2017.08.14"]
[Round "1.49"]
[White "Asgarizadeh, Ahmad"]
[Black "Harshal, Shahi"]
[Result "1-0"]
[WhiteTitle "IM"]
[BlackTitle "FM"]
[WhiteElo "2423"]
[BlackElo "2130"]
[WhiteFideId "12505684"]
[BlackFideId "5048257"]
[EventDate "2017.08.14"]

1. e4 c5 2. Nf3 Nc6 3. Nc3 e6 4. d4 cxd4 5. Nxd4 Qc7 6. Be3 a6 7. Be2 Nf6 8. O-O
Bb4 9. Na4 Be7 10. Nxc6 bxc6 11. Nb6 Rb8 12. Nxc8 Qxc8 13. Bd4 c5 14. Be5 Rb6
15. Qd3 d6 16. Bc3 O-O 17. b3 d5 18. exd5 exd5 19. Rad1 d4 20. Bd2 Nd5 21. a3
Bf6 22. Bf3 Nc7 23. Rfe1 h6 24. a4 Qd7 25. Ba5 Rd6 26. b4 Ne6 27. b5 axb5 28.
axb5 Bd8 29. Bc6 Qc8 30. Bd2 Bb6 31. c4 Qd8 32. Ra1 Qf6 33. g3 Rc8 34. f4 g6 35.
Ra6 Rb8 36. Rf1 Ng7 37. f5 g5 38. g4 Ne8 39. Rxb6 Rxb6 40. Bxe8 Rb7 41. Bc6 Re7
42. Bd5 Ra7 43. Rb1 Qd8 44. Bf3 Qb6 45. Re1 Rd8 46. Bc6 Ra2 47. Re7 Ra1+ 48. Kg2
Ra2 49. Kh3 Rd6 50. Rb7 Qd8 51. Be4 Qa8 52. Be1 Ra3 53. Rb8+ Qxb8 54. Qxa3 Qe8
55. Qd3 Kg7 56. Bg3 Rf6 57. Bc7 h5 58. b6 hxg4+ 59. Kg2 1-0

[Event "24th Abu Dhabi Masters"]
[Site "Abu Dhabi UAE"]
[Date "2017.08.14"]
[Round "1.50"]
[White "Kavinda, Akila"]
[Black "Fawzy, Adham"]
[Result "0-1"]
[BlackTitle "IM"]
[WhiteElo "2124"]
[BlackElo "2422"]
[WhiteFideId "9901302"]
[BlackFideId "10613129"]
[EventDate "2017.08.14"]

1. d4 Nf6 2. Nf3 e6 3. e3 b6 4. c4 Bb7 5. Bd3 Bb4+ 6. Nbd2 O-O 7. O-O Bxd2 8.
Bxd2 d6 9. Qe2 Re8 10. Rfd1 Nbd7 11. Bc2 e5 12. b4 Qe7 13. Bc3 exd4 14. Nxd4 Ne5
15. Rab1 Rad8 16. Ba4 Rf8 17. Rbc1 c5 18. Nf5 Qe6 19. Ng3 h5 20. Nxh5 Nf3+ 21.
gxf3 Nxh5 22. Kh1 Nf4 0-1

[Event "24th Abu Dhabi Masters"]
[Site "Abu Dhabi UAE"]
[Date "2017.08.14"]
[Round "1.51"]
[White "Vogt, Lothar"]
[Black "Senthil, Maran K"]
[Result "1-0"]
[WhiteTitle "GM"]
[WhiteElo "2420"]
[BlackElo "2124"]
[WhiteFideId "4611292"]
[BlackFideId "25035681"]
[EventDate "2017.08.14"]

1. e4 Nf6 2. e5 Nd5 3. d4 d6 4. Nf3 Bg4 5. Be2 Nb6 6. exd6 exd6 7. O-O Be7 8. c4
O-O 9. Nc3 Nc6 10. b3 Bf6 11. Be3 d5 12. c5 Nc8 13. h3 Bxf3 14. Bxf3 N8e7 15.
Qd3 g6 16. Rad1 Nb4 17. Qd2 Nf5 18. a3 Nc6 19. Nxd5 Bxd4 20. Bf4 Bxc5 21. Bxc7
Qh4 22. Bg4 Nce7 23. b4 Bb6 24. g3 Nxg3 25. Nxe7+ Qxe7 26. Bxg3 f5 27. Bd6 Qh4
28. Bf3 f4 29. Bd5+ Kg7 30. Bxf8+ Rxf8 31. Qc3+ Kh6 32. Qf3 Rf5 33. Be6 Re5 34.
Bg4 Kg5 35. Rd5 Rxd5 36. Qxd5+ Kh6 37. Qf3 Kg5 38. Rd1 h5 39. Rd5+ Kh6 40. Qxf4+
Kg7 41. Rd7+ 1-0

[Event "24th Abu Dhabi Masters"]
[Site "Abu Dhabi UAE"]
[Date "2017.08.14"]
[Round "1.52"]
[White "Phadke, Sohan"]
[Black "Omidi, Arya"]
[Result "1/2-1/2"]
[WhiteTitle "FM"]
[WhiteElo "2111"]
[BlackElo "2415"]
[WhiteFideId "5016223"]
[BlackFideId "12508780"]
[EventDate "2017.08.14"]

1. d4 g6 2. e4 Bg7 3. Nc3 a6 4. f4 b5 5. Nf3 d6 6. Bd3 Nd7 7. e5 c5 8. Be4 Rb8
9. dxc5 Nxc5 10. Bc6+ Kf8 11. Be3 Qc7 12. Bd5 b4 13. Ne4 Nxe4 14. Bxe4 f5 15.
Bd5 dxe5 16. Nxe5 Bxe5 17. fxe5 Qxe5 18. Qf3 Be6 19. O-O-O Bxd5 20. Rxd5 Qe4 21.
Qxe4 fxe4 22. Rf1+ Nf6 23. Re5 Kf7 24. Rxe4 Rhe8 25. Bd4 Rbc8 26. g4 h6 27. h4
g5 28. hxg5 hxg5 29. Be3 Kg6 30. Re5 Rc4 31. Rxg5+ Kf7 32. Bf4 Rec8 33. Rf2 Rh8
34. Be5 Rh1+ 35. Kd2 Rg1 36. Bxf6 exf6 37. Rgf5 Rd4+ 38. Ke2 Rgxg4 39. Rxf6+ Ke7
40. Rxa6 Rge4+ 41. Kf1 Rd1+ 42. Kg2 Rc1 43. a3 Rc4 44. axb4 R1xc2 45. Rxc2 Rxc2+
46. Kf3 Rxb2 1/2-1/2

[Event "24th Abu Dhabi Masters"]
[Site "Abu Dhabi UAE"]
[Date "2017.08.14"]
[Round "1.53"]
[White "Iniyan, P"]
[Black "Bhagwat, Vinod"]
[Result "1-0"]
[WhiteTitle "IM"]
[BlackTitle "CM"]
[WhiteElo "2404"]
[BlackElo "2109"]
[WhiteFideId "25002767"]
[BlackFideId "5005949"]
[EventDate "2017.08.14"]

1. d4 Nf6 2. Nf3 e6 3. g3 d5 4. Bg2 Be7 5. O-O O-O 6. b3 b6 7. Bb2 Bb7 8. Nbd2
c5 9. e3 Nc6 10. c3 cxd4 11. exd4 Rc8 12. Qe2 Re8 13. Rac1 Bf8 14. Ne5 Rc7 15.
f4 Ne7 16. Rfe1 Nc8 17. c4 dxc4 18. Bxb7 c3 19. Bc6 cxb2 20. Rcd1 Ree7 21. Nb1
Qd6 22. Bf3 Rc1 23. Qxb2 Rxd1 24. Rxd1 Rc7 25. Nc3 a6 26. Kh1 Qa3 27. Qxa3 Bxa3
28. Na4 Bf8 29. Be2 Ne4 30. Kg1 b5 31. Bf3 bxa4 32. Bxe4 axb3 33. axb3 Nd6 34.
Bg2 Nb5 35. Nc6 Rd7 36. Kf2 Nc3 37. Ra1 Rb7 38. Na5 Rb8 39. Bf1 Rb6 40. Rc1 Bb4
41. Nc4 Rb8 42. Ne5 a5 43. Bc4 g6 44. g4 Rb7 1-0

[Event "24th Abu Dhabi Masters"]
[Site "Abu Dhabi UAE"]
[Date "2017.08.14"]
[Round "1.54"]
[White "Armstrong, Malcolm J"]
[Black "Jonkman, Harmen"]
[Result "0-1"]
[BlackTitle "GM"]
[WhiteElo "2109"]
[BlackElo "2402"]
[WhiteFideId "409049"]
[BlackFideId "1002708"]
[EventDate "2017.08.14"]

1. d4 d5 2. Nf3 Nf6 3. c4 dxc4 4. e3 e6 5. Bxc4 a6 6. O-O b5 7. Be2 Nbd7 8. a4
b4 9. Nbd2 Be7 10. b3 O-O 11. Bb2 Bb7 12. Rc1 c5 13. Nc4 Bd5 14. Nfe5 Nxe5 15.
Nxe5 cxd4 16. Bxd4 Bd6 17. Bf3 Ne4 18. Nc4 Bc7 19. Bxe4 Bxe4 20. Qg4 Bg6 21.
Rfd1 Qb8 22. h4 h5 23. Qg5 Bd8 24. Qe5 Qxe5 25. Nxe5 Be4 26. g3 f6 27. Nc4 Bf3
28. Re1 a5 29. Nd2 Bb7 30. f3 Rf7 31. Kf2 Rd7 32. Nc4 Bd5 33. Rc2 e5 34. Bb2 Be6
35. Ke2 e4 36. fxe4 Bg4+ 37. Kf2 Rd3 38. Nd2 Bb6 39. Bd4 Bxd4 40. exd4 Rxd4 41.
Nc4 Rc8 42. Rd2 Rcxc4 0-1

[Event "24th Abu Dhabi Masters"]
[Site "Abu Dhabi UAE"]
[Date "2017.08.14"]
[Round "1.55"]
[White "Raghunandan, Kaumandur Srihari"]
[Black "Priyanka, K"]
[Result "1-0"]
[WhiteTitle "IM"]
[WhiteElo "2398"]
[BlackElo "2106"]
[WhiteFideId "25004964"]
[BlackFideId "5082986"]
[EventDate "2017.08.14"]

1. d4 Nf6 2. c4 g6 3. Nc3 Bg7 4. e4 d6 5. Nf3 O-O 6. Be2 e5 7. O-O Nc6 8. d5 Ne7
9. Kh1 Nd7 10. g4 Kh8 11. Rg1 a5 12. Be3 Nc5 13. Qd2 Ng8 14. Qc2 Bd7 15. Rg3 b6
16. Rag1 Nf6 17. Nd2 Qc8 18. Qd1 Kg8 19. Qf1 Ne8 20. f3 Qd8 21. b3 Bf6 22. g5
Bg7 23. Qc1 f6 24. h4 f5 25. exf5 Bxf5 26. Nde4 Qe7 27. Qd2 Bh8 28. R3g2 Nd7 29.
Ng3 Ng7 30. Nce4 Kf7 31. Nf6 Rfc8 32. Nxh7 Kg8 33. Nf6+ Nxf6 34. Nxf5 Nxf5 35.
gxf6 Qh7 36. Bd3 Qxh4+ 37. Rh2 Qxf6 38. Rh6 Kg7 39. Rgxg6+ Qxg6 1-0

[Event "24th Abu Dhabi Masters"]
[Site "Abu Dhabi UAE"]
[Date "2017.08.14"]
[Round "1.56"]
[White "Saim, Mohamed Ilias"]
[Black "Karavade, Eesha"]
[Result "0-1"]
[WhiteTitle "FM"]
[BlackTitle "IM"]
[WhiteElo "2102"]
[BlackElo "2397"]
[WhiteFideId "7900465"]
[BlackFideId "5012600"]
[EventDate "2017.08.14"]

1. e4 c5 2. Nf3 d6 3. d4 cxd4 4. Nxd4 Nf6 5. Nc3 a6 6. Be2 e5 7. Nb3 Be7 8. g4
h6 9. Be3 Be6 10. Bf3 Nbd7 11. h4 Nb6 12. Qe2 Nc4 13. O-O-O Nxe3 14. fxe3 Nd7
15. Kb1 Rc8 16. Qf2 Rxc3 17. bxc3 Qc7 18. Qe1 Nb6 19. Rh2 Nc4 20. Ka1 a5 21. Be2
a4 22. Nd2 Na3 23. Kb2 Qb6+ 24. Nb3 axb3 25. cxb3 Nc4+ 26. Bxc4 Bxc4 27. Qd2 Be6
28. g5 hxg5 29. hxg5 Rxh2 30. Qxh2 Qxe3 31. g6 fxg6 32. Qh8+ Kd7 33. Qxg7 Qe2+
34. Kc1 Qxe4 0-1

[Event "24th Abu Dhabi Masters"]
[Site "Abu Dhabi UAE"]
[Date "2017.08.14"]
[Round "1.57"]
[White "Tania, Sachdev"]
[Black "Michelle Catherina, P"]
[Result "1-0"]
[WhiteTitle "IM"]
[BlackTitle "WIM"]
[WhiteElo "2392"]
[BlackElo "2101"]
[WhiteFideId "5007844"]
[BlackFideId "5005736"]
[EventDate "2017.08.14"]

1. d4 Nf6 2. c4 e6 3. Nf3 d5 4. Nc3 Bb4 5. Bg5 h6 6. Bxf6 Qxf6 7. e3 dxc4 8.
Bxc4 O-O 9. O-O Bxc3 10. bxc3 b6 11. Ne5 Nd7 12. f4 Nxe5 13. fxe5 Qg5 14. Rf3
Bb7 15. Rg3 Qh4 16. Qe2 c5 17. Rf1 Kh8 18. Rf4 Qe7 19. Qh5 f6 20. Rg6 Bd5 21.
exf6 Rxf6 22. Rfxf6 Bxc4 23. Rxh6+ gxh6 24. Rxh6+ Kg8 25. Rh8+ 1-0

[Event "24th Abu Dhabi Masters"]
[Site "Abu Dhabi UAE"]
[Date "2017.08.14"]
[Round "1.58"]
[White "Chitlange, Sakshi"]
[Black "Sardana, Rishi"]
[Result "0-1"]
[WhiteTitle "WIM"]
[BlackTitle "IM"]
[WhiteElo "2073"]
[BlackElo "2386"]
[WhiteFideId "35002899"]
[BlackFideId "25004301"]
[EventDate "2017.08.14"]

1. d4 Nf6 2. c4 e6 3. Nf3 d5 4. Nc3 Be7 5. cxd5 exd5 6. Bg5 c6 7. Qc2 g6 8. e3
Bf5 9. Bd3 Bxd3 10. Qxd3 O-O 11. O-O Nbd7 12. Rfc1 Re8 13. Rc2 a5 14. Na4 Ne4
15. Bxe7 Qxe7 16. Rac1 Kg7 17. Nc5 Ndxc5 18. dxc5 a4 19. Qd4+ Kg8 20. Qb4 b5 21.
Nd4 Qc7 22. Nf3 Re6 23. Rd1 Rae8 24. Qa3 Nf6 25. Rd4 Re4 26. Rcd2 Ng4 27. h3 Nh6
28. Rxe4 Rxe4 29. Nd4 Re8 30. Qc3 Qd7 31. Qc2 f5 32. Nf3 Re4 33. Rd4 Nf7 34. Qc3
Re8 35. Rd1 Re4 36. Nd4 Re8 37. Qa5 Nd8 38. b3 axb3 39. Ne6 Qxe6 40. Ra1 Qf6 0-1

[Event "24th Abu Dhabi Masters"]
[Site "Abu Dhabi UAE"]
[Date "2017.08.14"]
[Round "1.59"]
[White "Raetsky, Alexander"]
[Black "Alothman, Abdul Wahab"]
[Result "1-0"]
[WhiteTitle "GM"]
[BlackTitle "CM"]
[WhiteElo "2381"]
[BlackElo "2047"]
[WhiteFideId "4103203"]
[BlackFideId "10300015"]
[EventDate "2017.08.14"]

1. c4 c5 2. Nf3 Nf6 3. d4 cxd4 4. Nxd4 Nc6 5. g3 g6 6. Bg2 Bg7 7. O-O O-O 8. Nc3
Nxd4 9. Qxd4 d6 10. Qd3 Nd7 11. b3 Nc5 12. Qd2 Bd7 13. Bb2 Rc8 14. Rac1 a6 15.
b4 Ne6 16. Nd5 Bc6 17. h4 Bxb2 18. Qxb2 Ng7 19. Bh3 f5 20. Rfd1 e6 21. Nf4 Qe7
22. b5 axb5 23. cxb5 Bd7 24. a4 Rxc1 25. Rxc1 Rc8 26. Rxc8+ Bxc8 27. a5 Qc7 28.
b6 Qd8 29. a6 1-0

[Event "24th Abu Dhabi Masters"]
[Site "Abu Dhabi UAE"]
[Date "2017.08.14"]
[Round "1.60"]
[White "Al Hosani, Omran"]
[Black "Eggleston, David J"]
[Result "1-0"]
[WhiteTitle "CM"]
[BlackTitle "IM"]
[WhiteElo "2012"]
[BlackElo "2380"]
[WhiteFideId "9308733"]
[BlackFideId "412120"]
[EventDate "2017.08.14"]

1. c4 Nf6 2. Nc3 e6 3. e4 d5 4. cxd5 exd5 5. e5 Ne4 6. Nf3 Nc6 7. Bb5 Be7 8. Qa4
Bd7 9. Nxe4 a6 10. Nf6+ gxf6 11. Bxc6 Bxc6 12. Qf4 Rg8 13. O-O Qd7 14. exf6 Bd6
15. Re1+ Kd8 16. Ne5 Qh3 17. g3 Kc8 18. d4 h5 19. Qf3 Re8 20. Bf4 Bxe5 21. Bxe5
Re6 22. Qf4 Qg4 23. Bxc7 Qxf4 24. Bxf4 Kd7 25. Re5 Rxe5 26. Bxe5 a5 27. Re1 a4
28. Kg2 a3 29. bxa3 Ke6 30. Re3 Ra4 31. f3 Rc4 32. g4 hxg4 33. fxg4 Ba4 34. h4
Bc2 35. h5 b5 36. g5 Be4+ 37. Rxe4 dxe4 38. g6 Rc2+ 39. Kg3 e3 40. g7 Rc1 41.
Kf3 Rg1 42. h6 Kd5 1-0